[Event "Florianopolis op 9th"]
[Site "Florianopolis"]
[Date "2023.01.24"]
[Round "2"]
[White "Paula Pinto, Mateus Arsenio"]
[Black "Menna Barreto, Felipe Kubiaki"]
[Result "0-1"]
[WhiteElo "1538"]
[BlackElo "2305"]
[PlyCount "88"]
[EventDate "2023.01.23"]
[EventType "swiss"]
[EventRounds "10"]
[EventCountry "BRA"]
[SourceTitle "CBM 212 Extra"]
[Source "ChessBase"]
[SourceDate "2023.03.31"]
[SourceVersion "1"]
[SourceVersionDate "2023.03.31"]
[SourceQuality "1"]

1. d4 Nf6 2. c4 g6 3. Nf3 Bg7 4. g3 0-0 5. Bg2 d6 6. 0-0 Nc6 7. Nc3 a6 8. e4 Bg4 9. Be3 Nd7 10. Rc1 e5 11. Ne2 exd4 12. Nexd4 Bxd4 13. Bxd4 Nde5 14. Bxe5 dxe5 15. Qb3 Bxf3 16. Qxf3 Qe7 17. Rfd1 Rad8 18. Rxd8 Rxd8 19. Rd1 Nd4 20. Qe3 Kg7 21. Rd3 Qb4 22. b3 Qa5 23. a4 Nc2 24. Qe2 Rxd3 25. Qxd3 Qe1+ 26. Bf1 Nd4 27. f4 c5 28. fxe5 Qb4 29. Qe3 Qxb3 30. Qf4 Qf3 31. Qg5 h6 32. Qf4 g5 33. Qxf3 Nxf3+ 34. Kf2 Nxe5 35. Be2 Kf6 36. Ke3 Ke6 37. Kd2 b6 38. h3 Kd6 39. Kc3 Nd7 40. Bh5 Nf6 41. Bf3 Ke5 42. Kd3 h5 43. g4 hxg4 44. hxg4 Kf4 0-1

[Event "Rio de Janeiro Duchamp op 4th"]
[Site "Rio de Janeiro"]
[Date "2022.12.13"]
[Round "8"]
[White "Menna Barreto, Felipe Kubiaki"]
[Black "Bezerra, Natacio Goncalves"]
[Result "1-0"]
[WhiteElo "2322"]
[BlackElo "1988"]
[PlyCount "48"]
[EventDate "2022.12.07"]
[EventType "swiss"]
[EventRounds "9"]
[EventCountry "BRA"]
[SourceTitle "CBM 211 Extra"]
[Source "ChessBase"]
[SourceDate "2023.01.31"]
[SourceVersion "1"]
[SourceVersionDate "2023.01.31"]
[SourceQuality "1"]

1. e4 c5 2. Nf3 e6 3. d3 d5 4. Nbd2 Nc6 5. g3 g6 6. Bg2 Bg7 7. 0-0 Nge7 8. Re1 0-0 9. e5 Qc7 10. Qe2 Nd4 11. Nxd4 cxd4 12. Nf3 Nc6 13. Bf4 Bd7 14. Qd2 Rfc8 15. a3 Qb6 16. Rab1 Rc7 17. Bh6 Bh8 18. Qf4 Be8 19. h4 Rac8 20. Bh3 Qc5 21. b4 Qxc2 22. Bxe6 Nd8 23. Bxc8 Rxc8 24. Rbc1 Nc6 1-0

[Event "Rio de Janeiro Duchamp op 4th"]
[Site "Rio de Janeiro"]
[Date "2022.12.09"]
[Round "3"]
[White "Federzoni, Enzo"]
[Black "Menna Barreto, Felipe Kubiaki"]
[Result "0-1"]
[WhiteElo "2177"]
[BlackElo "2322"]
[PlyCount "72"]
[EventDate "2022.12.07"]
[EventType "swiss"]
[EventRounds "9"]
[EventCountry "BRA"]
[SourceTitle "CBM 211 Extra"]
[Source "ChessBase"]
[SourceDate "2023.01.31"]
[SourceVersion "1"]
[SourceVersionDate "2023.01.31"]
[SourceQuality "1"]

1. e4 c6 2. d4 d5 3. e5 c5 4. dxc5 e6 5. a3 Bxc5 6. b4 Bb6 7. Nf3 Ne7 8. Bd3 Nbc6 9. Bb2 Ng6 10. 0-0 Nf4 11. c4 0-0 12. c5 Bc7 13. Bc2 f6 14. g3 fxe5 15. gxf4 Rxf4 16. Kh1 e4 17. Rg1 g6 18. Nbd2 Bd7 19. Ng5 Rxf2 20. Nf1 Qe7 21. Nh3 Rf3 22. Ng5 Rf5 23. Qg4 Ne5 24. Bxe5 Bxe5 25. Rd1 Raf8 26. Ne3 Rf2 27. Rg2 Rxg2 28. Nxg2 h5 29. Qe2 Qxg5 30. Bxe4 Ba4 31. Bc2 Bxc2 32. Qxc2 Qf6 33. Qd3 Kg7 34. Rg1 Bd4 35. Re1 e5 36. b5 Bxc5 0-1

[Event "Rio de Janeiro Duchamp op 4th"]
[Site "Rio de Janeiro"]
[Date "2022.12.07"]
[Round "1"]
[White "Rodrigues, Julliano de Araujo"]
[Black "Menna Barreto, Felipe Kubiaki"]
[Result "0-1"]
[WhiteElo "1834"]
[BlackElo "2322"]
[PlyCount "62"]
[EventDate "2022.12.07"]
[EventType "swiss"]
[EventRounds "9"]
[EventCountry "BRA"]
[SourceTitle "CBM 211 Extra"]
[Source "ChessBase"]
[SourceDate "2023.01.31"]
[SourceVersion "1"]
[SourceVersionDate "2023.01.31"]
[SourceQuality "1"]

1. e4 c6 2. d4 d5 3. e5 c5 4. dxc5 e6 5. a3 Bxc5 6. b4 Bb6 7. Nf3 Ne7 8. Bd3 Nbc6 9. Qe2 Ng6 10. b5 Nd4 11. Nxd4 Bxd4 12. c3 Qc7 13. cxd4 Qxc1+ 14. Qd1 Qb2 15. Nd2 Qxd4 16. Bxg6 Qxe5+ 17. Be4 dxe4 18. 0-0 0-0 19. Qe2 f5 20. Rfd1 Bd7 21. a4 Rad8 22. Nc4 Qb8 23. Ra2 e5 24. Rad2 Be6 25. Rxd8 Rxd8 26. Rxd8+ Qxd8 27. Qd2 Qd3 28. Qxd3 exd3 29. Nd2 e4 30. g4 g6 31. Kg2 f4 0-1

[Event "Vicente Lopez ProAm 100 Years op"]
[Site "Buenos Aires"]
[Date "2022.10.17"]
[Round "8"]
[White "Menna Barreto, Felipe Kubiaki"]
[Black "Mackeprang, Luis"]
[Result "1-0"]
[WhiteElo "2355"]
[BlackElo "2153"]
[PlyCount "53"]
[EventDate "2022.10.11"]
[EventType "swiss"]
[EventRounds "9"]
[EventCountry "ARG"]
[SourceTitle "CBM 210 Extra"]
[Source "ChessBase"]
[SourceDate "2022.11.30"]
[SourceVersion "1"]
[SourceVersionDate "2022.11.30"]
[SourceQuality "1"]

1. d4 Nf6 2. c4 g6 3. Nc3 Bg7 4. e4 d6 5. f3 0-0 6. Bg5 a6 7. Qd2 c5 8. d5 Nbd7 9. Nh3 Ne5 10. f4 Neg4 11. Ng1 b5 12. cxb5 axb5 13. Bxb5 Nh5 14. Nge2 f5 15. h3 Ngf6 16. e5 Ne8 17. Qe3 Qc7 18. Bc6 Rb8 19. exd6 Nxd6 20. Qxe7 Qa5 21. Qxd6 Rxb2 22. 0-0 Bxc3 23. Nxc3 Qxc3 24. Bh4 Ng3 25. Rf3 Ne2+ 26. Kh2 Qc2 27. Rf2 1-0

[Event "Vicente Lopez ProAm 100 Years op"]
[Site "Buenos Aires"]
[Date "2022.10.14"]
[Round "4"]
[White "Asprelli, Gaspar"]
[Black "Menna Barreto, Felipe Kubiaki"]
[Result "1-0"]
[WhiteElo "2184"]
[BlackElo "2355"]
[PlyCount "77"]
[EventDate "2022.10.11"]
[EventType "swiss"]
[EventRounds "9"]
[EventCountry "ARG"]
[SourceTitle "CBM 210 Extra"]
[Source "ChessBase"]
[SourceDate "2022.11.30"]
[SourceVersion "1"]
[SourceVersionDate "2022.11.30"]
[SourceQuality "1"]

1. e4 c6 2. d4 d5 3. e5 c5 4. dxc5 e6 5. a3 Nc6 6. Nf3 Bxc5 7. b4 Bb6 8. Bb2 Nge7 9. Bd3 Ng6 10. 0-0 Nf4 11. Qd2 Nxd3 12. cxd3 Bd7 13. Nc3 0-0 14. Ne2 Ne7 15. Bd4 Bc7 16. Bc5 Re8 17. Bxe7 Qxe7 18. Ned4 a5 19. Rfc1 Bb6 20. Nb3 axb4 21. axb4 Rxa1 22. Rxa1 d4 23. Nbxd4 Rd8 24. Qc3 Be8 25. b5 Qd7 26. Ra4 h6 27. Rc4 Qd5 28. Qb4 Ra8 29. h3 Bxd4 30. Rxd4 Qxb5 31. Qe7 Bc6 32. Rf4 Rf8 33. d4 Qa4 34. Nh4 Qa8 35. Nf3 Qe8 36. Qc5 Qd7 37. Nd2 Qd5 38. Ne4 b5 39. Nf6+ 1-0

[Event "Vicente Lopez ProAm 100 Years op"]
[Site "Buenos Aires"]
[Date "2022.10.11"]
[Round "1"]
[White "Menna Barreto, Felipe Kubiaki"]
[Black "Cisneros, German"]
[Result "1-0"]
[WhiteElo "2355"]
[BlackElo "1919"]
[PlyCount "67"]
[EventDate "2022.10.11"]
[EventType "swiss"]
[EventRounds "9"]
[EventCountry "ARG"]
[SourceTitle "CBM 210 Extra"]
[Source "ChessBase"]
[SourceDate "2022.11.30"]
[SourceVersion "1"]
[SourceVersionDate "2022.11.30"]
[SourceQuality "1"]

1. d4 d6 2. e4 g6 3. c4 Nf6 4. Nc3 Bg7 5. f3 0-0 6. Bg5 c6 7. Qd2 Nbd7 8. Nh3 e5 9. d5 c5 10. Nf2 a6 11. Be2 b5 12. cxb5 Qa5 13. 0-0 Nh5 14. g3 axb5 15. Nxb5 Qb6 16. a4 f6 17. Be3 f5 18. Nd1 fxe4 19. fxe4 Rxf1+ 20. Bxf1 Ndf6 21. Nf2 Bd7 22. b4 Ng4 23. Nxg4 Bxg4 24. a5 Qd8 25. bxc5 dxc5 26. Bxc5 Bf3 27. Qe3 Bg4 28. a6 Qc8 29. a7 Bh6 30. Qf2 Nf6 31. Nd6 Qc7 32. Rb1 Bc8 33. Rb8 Nd7 34. Rxa8 1-0